| 000 | 00745nam a2200277Ia 4500 | ||
|---|---|---|---|
| 005 | 20260324122231.0 | ||
| 008 | 008 260324s9999 xx 000 0 eng d | ||
| 020 | _a9788743802402 | ||
| 037 | _aEBOOK | ||
| 040 | _aCRL | ||
| 040 | _beng | ||
| 040 | _cCRL | ||
| 041 | _2eng | ||
| 041 | _aeng | ||
| 084 | _qCRL | ||
| 100 |
_aGordon A. Shaw; La Vern A. Starman; Bart Prorok _91165648 |
||
| 245 | 0 | _aMEMS and Nanotechnology, Volume 6 | |
| 245 | 0 | _bProceedings of the 2012 Annual Conference on Experimental and Applied Mechanics | |
| 260 | _bTaylor and Francis | ||
| 260 | _c2013 | ||
| 365 | _a | ||
| 856 | _uhttp://www.taylorfrancis.com/books/9788743802402 | ||
| 942 | _cEBOOK | ||
| 999 |
_c1758226 _d1758226 |
||